[Event "Zuerich op-B 32nd"]
[Site "Zuerich"]
[Date "2008.12.30"]
[Round "7"]
[White "Ibric, Ferid"]
[Black "Kuenzli, Thomas"]
[Result "1-0"]
[WhiteElo "1996"]
[BlackElo "1955"]
[PlyCount "63"]
[EventDate "2008.12.26"]
[EventType "swiss"]
[EventRounds "7"]
[EventCountry "SUI"]
[SourceTitle "CBM 127 Extra"]
[Source "ChessBase"]
[SourceDate "2009.01.08"]
[SourceVersion "2"]
[SourceVersionDate "2009.01.28"]
[SourceQuality "1"]

1. e4 e6 2. d3 d5 3. Nd2 Nf6 4. Ngf3 c5 5. g3 Nc6 6. Bg2 Be7 7. 0-0 0-0 8. Re1 Re8 9. h4 b5 10. e5 Nd7 11. Nf1 Bb7 12. Bf4 Qb6 13. N1h2 d4 14. c3 dxc3 15. bxc3 Red8 16. Ng5 h6 17. Nxf7 Kxf7 18. Qh5+ Kg8 19. Ng4 Ncxe5 20. Bxb7 Qxb7 21. Bxe5 Nxe5 22. Rxe5 Bf8 23. Rxe6 Qf7 24. Rg6 Rd5 25. Nf6+ Qxf6 26. Qxd5+ Qf7 27. Rxg7+ Bxg7 28. Qxa8+ Kh7 29. Qe4+ Kg8 30. d4 b4 31. dxc5 Bxc3 32. Rd1 1-0

[Event "Zuerich op-B 32nd"]
[Site "Zuerich"]
[Date "2008.12.28"]
[Round "4"]
[White "Kuenzli, Thomas"]
[Black "Bundi, Roger"]
[Result "1-0"]
[WhiteElo "1955"]
[BlackElo "1846"]
[PlyCount "89"]
[EventDate "2008.12.26"]
[EventType "swiss"]
[EventRounds "7"]
[EventCountry "SUI"]
[SourceTitle "CBM 127 Extra"]
[Source "ChessBase"]
[SourceDate "2009.01.08"]
[SourceVersion "2"]
[SourceVersionDate "2009.01.28"]
[SourceQuality "1"]

1. d4 d5 2. c4 c6 3. Nf3 Nf6 4. Nc3 dxc4 5. a4 Bf5 6. e3 e6 7. Bxc4 Bb4 8. 0-0 0-0 9. h3 Nbd7 10. Qe2 Nb6 11. Bb3 h6 12. Rd1 Bh7 13. Bc2 Bxc2 14. Qxc2 Nbd5 15. e4 Nxc3 16. bxc3 Be7 17. Rb1 Qc7 18. e5 Nd7 19. Qe4 Rfd8 20. Qg4 Kh8 21. Rd3 c5 22. Qh5 Kg8 23. Ne1 Bf8 24. Bxh6 g6 25. Qh4 cxd4 26. cxd4 Qc4 27. Bxf8 Nxf8 28. a5 b5 29. axb6 axb6 30. Rdd1 b5 31. Nf3 Rab8 32. Rdc1 Qd3 33. Rb4 Rdc8 34. Rxc8 Rxc8 35. Kh2 Rb8 36. Qe7 Qe4 37. Qc7 Rb7 38. Qc5 Qd5 39. Qc1 Rb6 40. Qf4 Nh7 41. Nd2 Rc6 42. Ne4 Rc4 43. Nd6 Rxb4 44. Qxf7+ Kh8 45. Ne8 1-0